Most Performed McFLY Songs - Statistics

General Stats
  • This quiz has been taken 23 times
  • The average score is 12 of 20
Answer Stats
Times Performed Songs % Correct
456 Times All About You
100%
487 Times Obviously
93%
520 Times Five Colours In Her Hair
87%
430 Times Star Girl
87%
322 Times Lies
73%
196 Times I'll Be OK
67%
148 Times Red
67%
284 Times That Girl
67%
126 Times Happiness
60%
341 Times One For The Radio
60%
308 Times Transylvania
60%
342 Times Room On The Third Floor
53%
256 Times Shine A Light
53%
139 Times Not Alone
47%
184 Times The Heart Never Lies
47%
121 Times POV
40%
161 Times Corrupted
33%
182 Times Everybody Knows
33%
172 Times Falling In Love
27%
123 Times Too Close For Comfort
27%
No matching quizzes found
Score Distribution
Percent of People with Each Score
Percentile by Number Answered
Your Score History
You have not taken this quiz